Factors Affecting Customers'' Satisfaction with the Logistics Service of Saigon Newport : Graduation thesis - Department of business administration

محفوظ في:
التفاصيل البيبلوغرافية
المؤلف الرئيسي: Nguyen, Le Hong Ngoc
التنسيق: Luận văn
اللغة:Undetermined
منشور في: Trường Đại học Công nghiệp Tp. Hồ Chí Minh 2017
الموضوعات:
الوسوم: إضافة وسم
لا توجد وسوم, كن أول من يضع وسما على هذه التسجيلة!
Thư viện lưu trữ: Trung tâm Thư viện - Trường Đại học Công nghiệp TP. Hồ Chí Minh
LEADER 00712nam a2200157Ia 4500
001 UIH_01170
008 230809s9999 xx 000 0 und d
082 |a 658.834 
100 |a Nguyen, Le Hong Ngoc 
245 0 |a Factors Affecting Customers'' Satisfaction with the Logistics Service of Saigon Newport : Graduation thesis - Department of business administration 
245 0 |c Nguyen, Le Hong Ngoc 
260 |b Trường Đại học Công nghiệp Tp. Hồ Chí Minh 
260 |c 2017 
650 |a Quản trị kinh doanh;Luận văn thạc sĩ;Hành vi người tiêu dùng; 
927 |a Luận văn 
980 |a Trung tâm Thư viện - Trường Đại học Công nghiệp TP. Hồ Chí Minh